Дидактический материал по русскому языку (Запись № 7261023)

Подробности
000 -МАРКЕР
контрольное поле 01391nam0a22002891 4500
001 - ИДЕНТИФИКАТОР ЗАПИСИ
контрольное поле rc\821604
005 - ИДЕНТИФИКАТОР ВЕРСИИ
контрольное поле 20250622003655.0
035 ## - ДРУГИЕ СИСТЕМНЫЕ НОМЕРА
Идентификатор записи (NLR Aleph) 006004259
100 ## - ДАННЫЕ ОБЩЕЙ ОБРАБОТКИ
Данные общей обработки 20041129d1983 |||y0rusy50 ca
101 0# - ЯЗЫК РЕСУРСА
Язык текста, звукозаписи и т.д. русский
102 ## - СТРАНА ПУБЛИКАЦИИ ИЛИ ПРОИЗВОДСТВА
Страна публикации Российская Федерация
105 ## - ПОЛЕ КОДИРОВАННЫХ ДАННЫХ: ТЕКСТОВЫЕ МАТЕРИАЛЫ, МОНОГРАФИЧЕСКИЕ
Кодированные данные о монографическом текстовом документе a |||||||||
200 1# - ЗАГЛАВИЕ И СВЕДЕНИЯ ОБ ОТВЕТСТВЕННОСТИ
Основное заглавие Дидактический материал по русскому языку
Первые сведения об ответственности Р.М. Боскис, А.Г. Зикеев, К.Г. Коровин
210 ## - ПУБЛИКАЦИЯ, РАСПРОСТРАНЕНИЕ И ДР.
Место издания, распространения и т.д. М.
Имя издателя, распространителя и т. д. Просвещение
Дата издания, распространения и т.д. 1983
215 ## - ФИЗИЧЕСКАЯ ХАРАКТЕРИСТИКА
Специфическое обозначение материала и объем 111 с.
Другие сведения о физической характеристике ил.
Размеры 21
300 ## - ОБЩИЕ ПРИМЕЧАНИЯ
Текст примечания Прил. к учеб. "Рус. яз." для 1-го кл. шк. слабослышащих (2-е отд-ние)
300 ## - ОБЩИЕ ПРИМЕЧАНИЯ
Текст примечания Текст на одной стороне л.
421 #0 - ПРИЛОЖЕНИЕ
Встроенное поле 2001#$aДидактический материал по русскому языку$fР.М. Боскис, А.Г. Зикеев, К.Г. Коровин
-- 210##$d1983
-- 215##$a111 с.$cил.
Заглавие Дидактический материал по русскому языку
700 #1 - ИМЯ ЛИЦА - ПЕРВИЧНАЯ ОТВЕТСТВЕННОСТЬ
Начальный элемент ввода Боскис
Часть имени, кроме начального элемента ввода Р.М.
Расширение инициалов личного имени Рахиль Марковна
701 #1 - ИМЯ ЛИЦА - АЛЬТЕРНАТИВНАЯ ОТВЕТСТВЕННОСТЬ
Графика поля Кириллица
Материалы, к которым относится поле rus
Начальный элемент ввода Зикеев
Часть имени, кроме начального элемента ввода А. Г.
Даты 1921-2009
Расширение инициалов личного имени Анатолий Георгиевич
Системный номер авторитетной/нормативной записи 222156
Идентификатор авторитетной/нормативной записи RU\NLR\AUTH\770222212
701 #1 - ИМЯ ЛИЦА - АЛЬТЕРНАТИВНАЯ ОТВЕТСТВЕННОСТЬ
Начальный элемент ввода Коровин
Часть имени, кроме начального элемента ввода К.Г.
Расширение инициалов личного имени Кирилл Георгиевич
801 #0 - ИСТОЧНИК ЗАПИСИ
Страна Российская Федерация
Организация NLR
Правила каталогизации psbo
801 #1 - ИСТОЧНИК ЗАПИСИ
Страна Российская Федерация
Организация ELAR
Источник данных rusmarc
852 ## - МЕСТОНАХОЖДЕНИЕ И ШИФР ХРАНЕНИЯ
Идентификатор организации NLR
Шифр хранения (Call Number) 85-5/6402
942 ## - ДОПОЛНИТЕЛЬНЫЕ ЭЛЕМЕНТЫ ЗАПИСИ (АБИС)
Тип экземпляра АБИС Книга
980 ## - КОЛЛЕКЦИЯ
Название коллекции Национальная библиография
Экземпляры
Тип экземпляра Дата поступления Библиотека постоянного хранения Библиотека текущего хранения Место хранения Шифр хранения Штрих-код Статус экземпляра
Книга 26.10.2013 РНБ (Московский) РНБ (Московский) Русский книжный фонд: издания с 1957 года 85-5/6402 6004259-10